Score 0/100 Timer 08:00
0 Plays Today
English Japanese (romaji) % Correct
YesHai
71.4%
EyeMe
70.8%
EarMimi
69.6%
NoIie
67.7%
WhatNani
67.1%
Japanese (language)Nihongo
67.1%
IWatashi
67.1%
ThisKore
64.6%
TeacherSensei
64.6%
Good eveningKonbanwa
63.4%
YouAnata
62.7%
BlueAo
62.7%
FriendTomodachi
62.1%
Japanese personNihonjin
61.5%
WhiteShiro
61.5%
ThatSore
60.9%
WhereDoko
60.2%
BookHon
60.2%
English (language)Eigo
60.2%
RedAka
60.2%
MouthKuchi
59.6%
FutonFuton
59%
HandTe
55.9%
Good morningOhayō
55.9%
CarKuruma
55.3%
Foot/LegAshi
54.7%
BlackKuro
54.7%
SchoolGakko
54%
FaceKao
52.8%
NoseHana
52.2%
HeadAtama
52.2%
GreenMidori
51.6%
PenPen
50.9%
Good afternoonKonnichiwa
50.9%
English Japanese (romaji) % Correct
Him/HeKare
50.9%
FatherOtousan
49.7%
MotherOkaasan
49.7%
PinkPinku
49.7%
HereKoko
49.1%
American personAmerikajin
49.1%
TVTerebi
48.4%
Her/SheKanojo
47.8%
VegetableYasai
47.2%
BedBeddo
46%
FingerYubi
44.1%
To eatTaberu
44.1%
WhichDore
43.5%
OrangeOrenji
42.2%
ThereSoko
41.6%
Tooth/TeethHa
41%
MondayGetsuyoubi
40.4%
To goIku
40.4%
WindowMado
39.8%
ColourIro
39.8%
TuesdayKayoubi
39.1%
BrownChairo
39.1%
SundayNichiyoubi
38.5%
To drinkNomu
38.5%
YellowKīro
37.9%
FridayKinyoubi
37.3%
To understandWakaru
36.6%
FruitFuruutsu
36%
SaturdayDoyoubi
36%
English(language) teacherEigo no sensei
36%
MirrorKagami
35.4%
InsideNaka
35.4%
WednesdaySuiyoubi
35.4%
PurpleMurasaki
35.4%
English Japanese (romaji) % Correct
ThursdayMokuyoubi
34.8%
BabyAkachan
34.8%
To readYomu
34.8%
OutsideSoto
34.2%
BathOfuro
32.9%
KnifeNaifu
32.9%
ChopsticksHashi
31.1%
GrayGuree
30.4%
To doSuru
30.4%
To sleepNeru
30.4%
MaybeTabun
29.8%
ClockTokei
29.2%
To comeKuru
28.6%
ToothbrushHaburashi
28%
PillowMakura
27.3%
TowelTaoru
27.3%
SoapSekken
27.3%
SpoonSupūn
27.3%
To writeKaku
27.3%
To returnKaeru
27.3%
ForkFōku
26.7%
CupKoppu
24.2%
ShoeKutsu
23.6%
GrandfatherOjiichan
23%
GrandmotherObaachan
23%
NewspaperShinbun
23%
To cutKiru
21.1%
BlanketMoufu
19.9%
PlateSara
18.6%
PantsZubon
18%
BowlChawan
16.1%
FridgeReizōko
8.7%
Remove Ads.
Support Sporcle.
Get the best of Sporcle when you Go Orange. This ad-free experience offers more features, more stats, and more fun while also helping to support Sporcle. Thank you for becoming a member.

You're not logged in!

Compare scores with friends on all Sporcle quizzes.
OR
Log In

Show Comments

Extras

Created Dec 15, 2018ReportNominate
Tags:Japanese Quiz, basic, English, romaji

Top Quizzes Today


Score Distribution

Your Account Isn't Verified!

In order to create a playlist on Sporcle, you need to verify the email address you used during registration. Go to your Sporcle Settings to finish the process.

Report this User

Report this user for behavior that violates our Community Guidelines.

Details: